000 00355nam a2200133 a 4500
008 970718s1995||||xx 0 und c
040 _aSNK
_bslo
_cSNK
_eAACR2
245 1 0 _aAnglicko - slovenský a slovensko - anglický slovník
260 _aBratislava
_bKniha Spoločník
_c1995
300 _a1443 s.
020 _c189
041 _aslo
044 _axo
_cSK
999 _c19771
_d19771